|
|
|
|
| LEADER |
00000cas a2200000 a 4500 |
| 001 |
vtls008294012 |
| 003 |
SK-MaSNL |
| 005 |
20260228164027.0 |
| 008 |
050811d20042006xo qr|p 0 b0slo |
| 040 |
|
|
|a SNK
|b slo
|c SNK
|e AACR2
|
| 041 |
0 |
|
|a slo
|
| 044 |
|
|
|a xo
|c SK
|
| 072 |
|
7 |
|a 316.7
|x Sociológia kultúry. Kultúrny život
|2 konspekt
|
| 080 |
|
|
|a 316.728
|2 2011
|
| 080 |
|
|
|a (437.6)
|2 2011
|
| 080 |
|
|
|a 050
|2 2001
|
| 080 |
|
|
|a (051)+(054)
|2 2011
|
| 245 |
0 |
0 |
|a Kapušiansky spravodaj
|b kultúrno-spoločenský spravodajca obce Kapušany
|
| 246 |
1 |
3 |
|a Kapušiansky spravodajca
|f 2/2004-2006
|
| 260 |
|
|
|a V Kapušanoch
|b Obecný úrad
|c 2004-2006
|
| 310 |
|
|
|a 4x ročne
|
| 362 |
0 |
|
|a Roč. 1, č. 1 (mar. 2004)-roč. 3, č. 4 (dec. 2006)
|
| 500 |
|
|
|a Reg. číslo: OÚ- 19/2002, MK SR RP 30/2004
|
| 525 |
|
|
|a Súčasťou novín sú prílohy na rôznu tému
|
| 650 |
0 |
7 |
|a spoločenský život
|2 SNKPH
|9 28654
|
| 651 |
|
7 |
|a Kapušany (Slovensko)
|2 SNKPHgeo
|9 30763
|
| 655 |
|
7 |
|a miestne periodiká
|2 SNKPH
|9 160938
|
| 710 |
1 |
|
|a Kapušany (Slovensko).
|b Obecný úrad
|4 pbl
|9 173821
|
| 710 |
1 |
|
|a Kapušany (Slovensko).
|b Obecný úrad
|9 173821
|
| 910 |
|
|
|a snk
|
| 958 |
|
|
|a OND
|
| 999 |
|
|
|c 12039
|d 13969
|
| 952 |
|
|
|0 0
|1 0
|4 0
|7 0
|8 0
|a SNK
|b SNK
|d 2018-06-29
|i snk2018/14058
|l 0
|o snkČSB 6710/1/2004
|p 17A1326962
|r 2026-02-21 22:13:23
|t č. 1-4 + 1 príl.
|w 2026-02-21
|y PREZ
|z Prílohy: Všeobecné záväzné nariadenie č. 6/2004 o miestnych daniach a o miestnom poplatku na komunálne odpady a drobné stavebné odpady - v č. 4
|
| 952 |
|
|
|0 0
|1 0
|4 0
|7 0
|8 0
|a SNK
|b SNK
|d 2018-06-29
|i snk2018/14058
|l 0
|o snkČSB 6710/2/2005
|p 17A1326961
|r 2026-02-21 22:13:23
|t č. 1-4 + 1 príl.
|w 2026-02-21
|y PREZ
|z Prílohy: Zákon č. 442/2002 Z. z. o verejných vodovodoch a kanalizáciách a o zmene a doplnení zákona č. 276/2001 Z. z. o regulácii sieťových odvetviach - v č. 3
|
| 952 |
|
|
|0 0
|1 0
|4 0
|7 0
|8 0
|a SNK
|b SNK
|d 2018-06-29
|i snk2018/14058
|l 0
|o snkČSB 6710/3/2006
|p 17A1326960
|r 2026-02-21 22:13:23
|t č. 1-4 + 1 príl.
|w 2026-02-21
|y PREZ
|z Prílohy: PD komplexného návrhu konzervácie a čiastočnej rekonštrukcie hradného objektu Kapušany - v č. 3
|